Culture Générale - Série 806 - Statistiques

Statistiques générales
  • Ce quiz a été pris 141 fois
  • Le résultat moyen est 7 sur 10
Statistiques - réponses
Question Réponse % Correct
Qu'est-ce qui a besoin d'un marteau et peut être "du spectacle" ou "de girofle" ? clou
94%
Quelle est la capitale de la Roumanie ? Bucarest
91%
Quel mot désigne une chaussure paysanne, l'ongle du cheval et un distributeur de cartes à jouer ? sabot
89%
En 1962, qui a chanté "Belles ! belles ! belles !" ? Claude François
85%
À quel pays l'île de Java appartient-elle ? Indonésie
84%
Pierre Terail, seigneur de Bayard, fut surnommé le "Chevalier sans peur et... sans reproche
83%
L'anniversaire pour un an de mariage est célébré lors des noces de... coton
70%
Quelle série américaine a pour héros Jack Bauer, interprété par Kiefer Sutherland ? 24 heures chrono
58%
Qui interprétait le rôle du père d'Indiana Jones, dans le film de Steven Spielberg "Indiana Jones et la dernière croisade" ? Sean Connery
55%
Quel est le nom de l'américaine, prénommée Patti qui, avec son groupe, a fait un tube en 1975 en chantant "Lady Marmalade" ? Labelle
14%
Aucun quiz correspondant
Distribution des résultats
% des personnes avec chaque résultat
Percentile par nombre de réponses
Votre historique - résultats
Vous n’avez pas pris ce quiz